000 00450nam a2200157 i 4500
001 41879
003 ES-MaACL
005 20230906160517.0
007 t|
008 030312s1954 sp ||||1| gao d
100 1 _aCasas, Augusto.
_936186
245 1 0 _aIsa folla que vai pol o rio
_b: poemas /
_cAugusto Casas.
260 _aVigo :
_bMonterrey,
_c1954 (
_ePontevedra :
_fPeón)
300 _a59 p. ;
_c18 cm.
852 _aES-MaACL
_j1988-F-3
_bR.37197
999 _c41879
_d41879